| 000 | 00606nam a2200193 a 4500 | ||
|---|---|---|---|
| 005 | 20220810152713.0 | ||
| 008 | 991125s1984 mx 000 0 spa u | ||
| 020 | _a9681817281 | ||
| 035 | _aUPN01000036526 | ||
| 049 | _aCG | ||
| 050 | 4 |
_aRC454 _bH8.48 |
|
| 100 | 1 | _aHughes, Jennifer | |
| 245 | 1 | 0 |
_aManual de psiquiatría moderna / _cJennifer Hughes ; tr. Ana Pérez Calderón ; rev. Agustín Caso Muñoz. |
| 260 |
_aMéxico : _bLimusa, _c1984. |
||
| 300 | _a274 p. | ||
| 650 | 4 |
_aPSIQUIATRIA - _xCASOS, INFORMES CLINICOS, ESTADISTICA _98372 |
|
| 650 | 4 |
_aPsiquiatría _vManuales _927397 |
|
| 905 | _aLibro | ||
| 999 |
_c36526 _d36526 |
||